000 00891nam a22002897a 4500
001 BR7406591
003 BR-BrBNA
005 20230928084648.0
007 ta
008 230509b bl.||||| |||| 00| 0 por d
040 _aBR-BrBNA
_bpor
_cBiblioteca Nacional de Agricultura
041 _a(Por)
072 _aE30
_b/G514
090 _ E30 BR7406591
110 1 _aAssociacao de Credito e Assistencia Rural do Estado do Para, Belem (Brasil)
_9493
245 1 _aProjeto transamazonia extensao rural; relatorio 2. trimestre 1974 [Para, Brasil]
_bPrograma de integracao nacional
260 3 _aBelem, PA (Brasil):
_c1974.
300 _a30 p.
650 _aPROJETO DE DESENVOLVIMENTO
650 _aPROJETO AGRICOLA
650 _aPROJETO PECUARIO
650 _aEXTENSAO RURAL
650 _aASSISTENCIA TECNICA
650 _aPARA
909 _a202309
_bLucia
_c55
_dLucia Elande
942 _cBK
999 _c20332
_d20332